书目信息 |
| 题名: |
储存容器
|
|
| 作者: | 刘吉祥 , 张亚丹 编 ;中国石化集团 组织编写 | |
| 分册: | ||
| 出版信息: | 北京 化学工业出版社 2009 |
|
| 页数: | 206页 | |
| 开本: | 26cm | |
| 丛书名: | 石油化工设备设计选用手册 | |
| 单 册: | ||
| 中图分类: | TQ050.4-62 | |
| 科图分类: | ||
| 主题词: | 化工设备--hua gong she bei--油气存储--容器--设计--手册 | |
| 电子资源: | ||
| ISBN: | 978-7-122-04490-7 | |
| 000 | 01088nam 2200265 450 | |
| 001 | 0100001663 | |
| 005 | 20101207082234.89 | |
| 010 | @a978-7-122-04490-7@dCNY39.00 | |
| 100 | @a20100603d2009 emky0chiy0121 ea | |
| 101 | 0 | @achi |
| 102 | @aCN@b110000 | |
| 105 | @aak z 000yy | |
| 200 | 1 | @a储存容器@Achu cun rong qi@f中国石化集团上海工程有限公司组织编写@g张亚丹, 刘吉祥编 |
| 210 | @a北京@c化学工业出版社@d2009 | |
| 215 | @a206页@c图@d26cm | |
| 225 | 2 | @a石油化工设备设计选用手册@Ashi you hua gong she bei she ji xuan yong shou ce |
| 330 | @a本书包括了固体料仓和钢制低压湿式柜两篇内容。分别介绍了两类储存容器的材料、结构、设计计算、强度校核及制造、检验、验收等内容。 | |
| 410 | 0 | @12001 @a石油化工设备设计选用手册 |
| 606 | 0 | @a化工设备@Ahua gong she bei@x油气存储@x容器@x设计@j手册 |
| 690 | @aTQ050.4-62@v4 | |
| 701 | 0 | @a刘吉祥@Aliu ji xiang@4编 |
| 701 | 0 | @a张亚丹@Azhang ya dan@4编 |
| 712 | 02 | @a中国石化集团@Azhong guo shi hua ji tuan@b上海工程有限公司@Bshang hai gong cheng you xian gong si@4组织编写 |
| 801 | 0 | @aCN@c20101207 |
| 905 | @b21003811-13@dTQ050.4-62@eZ637 | |
| 储存容器/中国石化集团上海工程有限公司组织编写/张亚丹, 刘吉祥编.-北京:化学工业出版社,2009 |
| 206页:图;26cm.-(石油化工设备设计选用手册) |
| ISBN 978-7-122-04490-7:CNY39.00 |
| 本书包括了固体料仓和钢制低压湿式柜两篇内容。分别介绍了两类储存容器的材料、结构、设计计算、强度校核及制造、检验、验收等内容。 |
| ● |
| 相关链接 |
|
|
|
正题名:储存容器
索取号:TQ050.4-62/Z637
 
预约/预借
| 序号 | 登录号 | 条形码 | 馆藏地/架位号 | 状态 | 备注 |
| 1 | 1003811 | 210038118 | 期刊室512/501自科库 138排4列3层/ [索取号:TQ050.4-62/Z637] | 在馆 | |
| 2 | 1003812 | 210038127 | 自科库501/501自科库 138排4列3层/ [索取号:TQ050.4-62/Z637] | 在馆 | |
| 3 | 1003813 | 210038136 | 自科库501/501自科库 138排4列3层/ [索取号:TQ050.4-62/Z637] | 在馆 | |
| 4 | 824979 | 208249796 | 材料与化工学院资料室/ [索取号:TQ050.4-62/Z637] | 在馆 |